Artilheiros de cada edição do Campeonato Brasileiro - Statistics

Estatísticas Gerais
  • Esse quiz foi jogado 233 vezes
    42 desde o último reset
  • A pontuação média é 35 de 65
Estatísticas das Respostas
Ano Clube Jogador % Correto
2018 Santos Gabriel
100%
2019 Flamengo Gabriel
100%
2021 Atlético Mineiro Hulk
100%
2024 Corinthians Yuri Alberto
97%
2012 Fluminense Fred
95%
2014 Fluminense Fred
95%
2016 Atlético Mineiro Fred
95%
2022 Fluminense Germán Cano
95%
2025 Cruzeiro Kaio Jorge
95%
2001 Vasco da Gama Romário
95%
2005 Vasco da Gama Romário
95%
2020 São Paulo Luciano
87%
2016 Sport Diego Souza
84%
1980 Flamengo Zico
84%
1982 Flamengo Zico
84%
2020 Red Bull Bragantino Claudinho
82%
2009 Flamengo Adriano
79%
2011 Santos Borges
79%
1978 Vasco da Gama Paulinho
74%
2023 Atlético Mineiro Paulinho
74%
2004 Atlético Paranaense Washington
74%
2008 Fluminense Washington
74%
1977 Atlético Mineiro Reinaldo
71%
1974 Vasco da Gama Roberto Dinamite
71%
1984 Vasco da Gama Roberto Dinamite
71%
1989 Goiás Túlio
71%
1994 Botafogo Túlio
71%
1995 Botafogo Túlio
71%
1997 Vasco da Gama Edmundo
68%
2010 Grêmio Jonas
68%
2009 Atlético Mineiro Diego Tardelli
66%
2024 Vitória Alerrandro
63%
2015 Santos Ricardo Oliveira
63%
1986 São Paulo Careca
47%
2008 Coritiba Keirrison
47%
2013 Atlético Paranaense Éderson
45%
2008 Santos Kléber Pereira
45%
2017 Ponte Preta William Pottker
45%
1992 Vasco da Gama Bebeto
42%
2002 São Paulo Luís Fabiano
42%
1996 Grêmio Paulo Nunes
42%
2003 Goiás Dimba
39%
1983 Santos Serginho
39%
2006 Goiás Souza
39%
1999 Atlético Mineiro Guilherme
37%
2007 Paraná Josiel
37%
1987 São Paulo Müller
37%
1981 Flamengo Nunes
37%
1994 Guarani Amoroso
29%
1971 Atlético Mineiro Dario
24%
1972 Atlético Mineiro Dario
24%
1976 Atlético Mineiro Dario
24%
1998 Santos Viola
24%
2000 São Caetano Adhemar
18%
2002 Grêmio Rodrigo Fabri
16%
1979 América-RJ César
11%
1991 Santos Paulinho McLaren
11%
1996 Atlético Mineiro Renaldo
11%
1990 Bahia Charles
8%
1972 São Paulo Pedro Rocha
8%
1985 Guarani Edmar
5%
1975 Internacional Flávio
5%
1993 Santos Guga
5%
1988 Internacional Nilson
3%
1973 Santa Cruz Ramón
3%
Nenhum quiz correspondente encontrado
Distribuição das Pontuações
Porcentagem de Pessoas com Cada Pontuação
Percentil de Números Respondidos
Sua Pontuação Histórica
Você não jogou esse quiz desde o último reset